Rozpoznaj województwa po kształcie flagi #2 - Statystyki

Ogólne statystyki
  • Ten quiz został rozwiązany 2 081 razy
  • Średni wynik to 7 z 8
Statystyki odpowiedzi
Obrazkowy Odpowiedź % Poprawnych
Wielkopolskie
92%
Dolnośląskie
91%
Opolskie
91%
Śląskie
91%
Lubuskie
88%
Małopolskie
86%
Łódzkie
85%
Świętokrzyskie
83%
Nie znaleziono quizów pasujących do podanych kryteriów
Rozkład punktacji
Procent ludzi z każdym wynikiem
Percentyl według liczby udzielonych odpowiedzi
Twoja historia wyników
Nie rozwiązałeś tego quizu